000 00505nam a22001697a 4500
999 _c8767
_d8767
008 201214b ||||| |||| 00| 0 eng d
040 _aBMS College of Architecture
100 _aShah, Mit
245 _aBrics world expo 2020
300 _a24p.
500 _a1BM11AT088
502 _8B,Arch
_NBMS College of Architecture, Visvesvaraya Technological University(VTU)
_aProject report
_d2015
650 _aWorld
700 _aMadhu Divakar J
_eGuide
700 _aArathi K Parigi
_eGuide
942 _2ddc
_cTHE